000
00255nam a2200109Ia 4500
008
190914s9999||||xx |||||||||||||| ||und||
100
_a
John Steele Gordon
245
3
_a
An Empire of Wealth
260
_a
India
_b
Oxford
_c
2007
300
_a
240
942
_c
BK
999
_c
10055
_d
10055